| 000 | 00468nam a2200181Ia 4500 | ||
|---|---|---|---|
| 001 | 10047 | ||
| 005 | 20260306161803.0 | ||
| 008 | 260306t2022||||xx |||||||||||||| ||spa|| | ||
| 041 | _aESP | ||
| 082 |
_a869.5704 _bM61 |
||
| 110 | _aMinisterio de Cultura del Perú | ||
| 245 | 0 | _aEnsayos desde la pandemia para imaginar el Perú Bicentenario | |
| 260 | _c2022 | ||
| 300 |
_a453 páginas : _c29 cm. |
||
| 650 | _aGEN | ||
| 654 | _aCHU | ||
| 942 |
_cLIB _dJUS _fJUS _2ddc _n |
||
| 999 |
_c10047 _d10047 |
||